000 00414nam a2200169 i 4500
001 bg
100 1 _aBRODER, D. L.
245 0 _aBiologičeskaja zaščita sudovych reaktorov /
_cD.L. Broder.
260 _aLeningrad,
_c1964.
700 1 _aPOPKOV, K. K.
700 1 _aRUBANOV, S. M.
040 _cBPK
041 _apol
080 _a621.039.58:57
942 _cKS
008 s pl f |000 0 pol
999 _c12840
_d12840
856 _uhttp://koha.tu.koszalin.pl/cgi-bin/koha/opac-detail.pl?biblionumber=12840
_yKatalog online BPK